000 01017cam a2200349 i 4500
001 0000449
003 DO-SdBNP
005 20240705093844.0
007 0000449
008 100514s2008 sp | 000 f spa
015 _a
017 _a
_b
020 _a9788426359629
035 _a
040 _aBPMSU
_bspa
_cBPMSU
_e
080 _a
082 4 _a863.6
_bG633t 2008
_222
100 1 _aGómez Cerdá, Alfredo
_d1951-
245 1 3 _aEl tesoro del barco fantasma /
_cAlfredo Gómez Cerdá ; ilustraciones Jordi Vila Delclós
250 _a2a. ed.
260 _aZaragoza :
_bEdelvives,
_c2008.
_g2008
300 _a181 p.:
_bil.
_c21 cm
490 1 _aAla delta, serie verde
_v54
500 _aLa biblioteca posee la 14a. reimpresión
650 4 _aNovela juvenil española
650 4 _aContrabando
_vNovela juvenil
700 1 _aVila Delclós, Jordi
_eilustraciones
830 0 _aAla delta
_v54
_pserie verde
942 _2ddc
_cBK
945 _ainventariado, 2018 / dg
956 _aYLOCKWARD
_810
_cBPMSU
999 _c10584
_d10584